Crowfunding: plávajte s davom
Netradičné formy financovania, ktoré sú stále populárnejšie najmä medzi mladými ľuďmi a súkromnými podnikateľmi. Najrozšírenejšie formy crowdfundingu. Nové modely financovania a výhody pre investorov.
Saved in:
| Main Author: | |
|---|---|
| Format: | Book Chapter |
| Language: | Slovak |
| Subjects: | |
| Tags: |
No Tags, Be the first to tag this record!
|
MARC
| LEADER | 00000naa a2200000 4500 | ||
|---|---|---|---|
| 001 | 0230095 | ||
| 005 | 20170516084027.1 | ||
| 041 | 0 | |a slo | |
| 044 | |a SK | ||
| 245 | 1 | 0 | |a Crowfunding: plávajte s davom |c Peter Marianyi |
| 520 | |a Netradičné formy financovania, ktoré sú stále populárnejšie najmä medzi mladými ľuďmi a súkromnými podnikateľmi. Najrozšírenejšie formy crowdfundingu. Nové modely financovania a výhody pre investorov. | ||
| 610 | 2 | 0 | |a formy financovania |
| 610 | 2 | 0 | |a zdroje finančné |
| 610 | 2 | 0 | |a združovanie prostriedkov |
| 610 | 2 | 0 | |a financovanie cudzie |
| 610 | 2 | 0 | |a modely |
| 610 | 2 | 0 | |a inovácia |
| 610 | 2 | 0 | |a investície |
| 610 | 2 | 0 | |a start-up |
| 100 | 1 | |a Marianyi, Peter | |